Stolice świata najbliżej Kijowa - Statystyki

Ogólne statystyki
  • Ten quiz został rozwiązany 200 razy
  • Średni wynik to 14 z 20
Statystyki odpowiedzi
km stolica % Poprawnych
691 Warszawa
100%
758 Moskwa
97%
436 Mińsk
91%
1007 Bratysława
87%
591 Wilno
85%
1144 Praga
83%
837 Ryga
83%
746 Bukareszt
80%
898 Budapeszt
78%
400 Kiszyniów
73%
1023 Sofia
67%
1055 Wiedeń
65%
1194 Zagrzeb
65%
980 Belgrad
61%
1186 Ankara
57%
1168 Skopje
51%
1172 Sarajewo
50%
1066 Tallinn
46%
1137 Helsinki
44%
1124 Prisztina
44%
Nie znaleziono quizów pasujących do podanych kryteriów
Rozkład punktacji
Procent ludzi z każdym wynikiem
Percentyl według liczby udzielonych odpowiedzi
Twoja historia wyników
Nie rozwiązałeś tego quizu